000 01429nam0a22003131 4500
001 rc\3430284
005 20250610003050.0
021 _aRU
_b[69-87033]
035 _a(NLR Aleph) 007585912
090 _a5558394
_c5558394
100 _a20130115d1969 |||y0rusy50 ca
101 0 _arus
102 _aRU
105 _ay z |||||
200 1 _aСтенографический отчет
_fЗаседания Верховного Совета ГССР седьмого созыва (четвертая сессия) 24-25 дек. 1968 г.
210 _aТбилиси
_cБ. и.
_d1969
215 _a286 с.
_d21
601 2 _aВерховный Совет Грузинской ССР
_xПостоянные комиссии
_2psbo
601 2 _aВерховный Совет Грузинской ССР
_jЗаконы, постановления
_z1968
_2psbo
606 _aБюджет
_yГССР
_z1969
_2psbo
606 _aСоветы депутатов трудящихся, сельские
_yГССР
_2psbo
606 _aНароднохозяйственный план
_yГССР
_z1969
_2psbo
606 _aСоветы депутатов трудящихся, поселковые
_yГССР
_2psbo
710 1 2 _aГрузинская ССР. Верховный Совет. Созыв (7). Сессия (4)
801 0 _aRU
_bNLR
_gpsbo
801 1 _aRU
_bELAR
_2rusmarc
852 _aNLR
_j69-3/7599
942 _cBOOK
980 _aNB